| 000 -LEADER |
| fixed length control field |
00471cam a22001097a 4500 |
| 008 - FIXED-LENGTH DATA ELEMENTS--GENERAL INFORMATION |
| fixed length control field |
180718b1971 xxu||||| |||| 00| 0 eng d |
| 082 ## - DEWEY DECIMAL CLASSIFICATION NUMBER |
| Classification number |
R6:O11x42 Un3d |
| 245 ## - TITLE STATEMENT |
| Title |
All in a working day (an abridged version of the report on the organisation of the work of junior hospital doctors) |
| Statement of responsibility, etc. |
by Department of Health and Social Security, U.K. |
| 260 ## - PUBLICATION, DISTRIBUTION, ETC. |
| Place of publication, distribution, etc. |
London |
| Name of publisher, distributor, etc. |
Her Majesty's Stationery Office |
| Date of publication, distribution, etc. |
1971 |
| 300 ## - PHYSICAL DESCRIPTION |
| Extent |
iv, 39p |
| 700 ## - ADDED ENTRY--PERSONAL NAME |
| Personal name |
U.K. Department of Health and Social Security |